Statistics for Five Biggest Countries by Continent - advanced version

Click here to take the quiz!

General Stats

  • This quiz has been taken 1,389 times
  • The average score is 27 of 30

Answer Stats

Continent Country % Correct
AfricaAlgeria
97%
EuropeRussia
96%
North AmericaMexico
95%
North AmericaUnited States
95%
AfricaD.R. Congo
95%
North AmericaCanada
95%
AsiaChina
95%
AsiaRussia
95%
OceaniaAustralia
94%
South AmericaArgentina
94%
South AmericaBrazil
94%
AsiaIndia
94%
EuropeUkraine
93%
EuropeFrance
93%
South AmericaPeru
93%
South AmericaColombia
92%
AsiaKazakhstan
91%
OceaniaNew Zealand
91%
OceaniaPapua New Guinea
90%
South AmericaBolivia
90%
EuropeSpain
90%
AfricaSudan
88%
North AmericaNicaragua
85%
North AmericaHonduras
84%
AfricaLibya
84%
EuropeSweden
84%
AsiaSaudi Arabia
84%
OceaniaSolomon Islands
82%
OceaniaFiji
80%
AfricaChad
79%

Score Distribution

Percentile by Number Answered

Percent of People with Each Score

Your Score History

You have not taken this quiz